| 000 | 00928nam a2200289 i 4500 | ||
|---|---|---|---|
| 001 | 000009950 | ||
| 003 | DO-SdBNP | ||
| 005 | 20251127084212.0 | ||
| 007 | ta | ||
| 008 | 091002s1978 dr r 000 p spa d | ||
| 040 |
_aDO-SdBNP _bspa _cBNPHU _erda |
||
| 041 | _aspa | ||
| 082 |
_aRD861.44 _bC965a _222 |
||
| 100 | 1 |
_aCuello López, Federico N. _eautor _924899 |
|
| 245 | 1 | 0 |
_aÁngulos del paisaje / _cFederico N. Cuello López; prólogo Manuel de Jesús Goico Castro. |
| 264 |
_aSanto Domingo : _bCompostela, _c1978. |
||
| 300 |
_a76 páginas ; _c20 cm. |
||
| 336 |
_ardacontent _btexto _2txt |
||
| 337 |
_ardamedia _bsin mediación _2n |
||
| 338 |
_ardacarrier _bvolumen _2nc |
||
| 590 | _aInventariado, 2018/BT | ||
| 650 | 0 |
_aPoesía dominicana _966 |
|
| 650 | 0 |
_aLiteratura dominicana. _967 |
|
| 700 | 1 | 2 |
_aGoico Castro, Manuel de Jesús _eprólogo _923255 |
| 910 | _aValidado. Control de calidad. MFF | ||
| 942 |
_2ddc _cLBS1 |
||
| 999 |
_c9709 _d9709 |
||